Программа реформ; Концепция реформ; Документы и материалы; Переписка с Императором
| Autor principal: | |
|---|---|
| Sumari: | В футляре. |
| Idioma: | rus |
| Publicat: |
Москва, Бизнеском, 2010
|
| TOC: | Концепция реформ; Документы и материалы; Переписка с Императором; |
| Col·lecció: | Библиотека Генерального Директора. Вечная классика Т. X(XXXIV) |
| Matèries: | |
| Format: | MixedMaterials Llibre |
| KOHA link: | https://koha.lib.tpu.ru/cgi-bin/koha/opac-detail.pl?biblionumber=188703 |
MARC
| LEADER | 00000nam0a2200000 4500 | ||
|---|---|---|---|
| 001 | 188703 | ||
| 005 | 20231101224143.0 | ||
| 010 | |a 9785916630633 |b 1800 экз. | ||
| 035 | |a (RuTPU)RU\TPU\book\204953 | ||
| 090 | |a 188703 | ||
| 100 | |a 20101213d2010 k y0rusy50 ca | ||
| 101 | 0 | |a rus | |
| 102 | |a RU | ||
| 105 | |a y z 000zd | ||
| 200 | 1 | |a Программа реформ |f П. А. Столыпин | |
| 210 | |a Москва |c Бизнеском |d 2010 | ||
| 215 | |a 260 с. |e Дайджест | ||
| 225 | 1 | |a Библиотека Генерального Директора. Вечная классика |v Т. X(XXXIV) | |
| 300 | |a В футляре. | ||
| 464 | |t Концепция реформ | ||
| 464 | |t Документы и материалы | ||
| 464 | |t Переписка с Императором | ||
| 600 | 1 | |a Столыпин |b П. А. |c российский государственный деятель |f 1862-1911 |g Петр Аркадьевич |2 stltpush |3 (RuTPU)RU\TPU\pers\1146 |9 518 | |
| 606 | 1 | |a Столыпинская аграрная реформа |2 stltpush |3 (RuTPU)RU\TPU\subj\65552 |9 82054 | |
| 610 | 1 | |a Россия | |
| 610 | 1 | |a история | |
| 610 | 1 | |a реформы | |
| 610 | 1 | |a 20 век | |
| 610 | 1 | |a экономика | |
| 610 | 1 | |a политические деятели | |
| 610 | 1 | |a материалы | |
| 610 | 1 | |a экономические реформы | |
| 686 | |a Т3(2)533 |v LBC/SL-A |2 rubbk | ||
| 700 | 1 | |a Столыпин |b П. А. |c российский государственный деятель |f 1862-1911 |g Петр Аркадьевич |2 stltpush |3 (RuTPU)RU\TPU\pers\1146 |9 518 | |
| 801 | 1 | |a RU |b 63413507 |c 20101213 | |
| 801 | 2 | |a RU |b 63413507 |c 20111005 |g RCR | |
| 942 | |c BK | ||
| 959 | |a 88/20101206 |d 1 |e 0 |f ЧЗГЛ:1 | ||